000
00340nam a2200145Ia 4500
005
20251222151315.0
008
251222s9999||||xx |||||||||||||| ||spa||
020
_a
8479039353
082
_a
617/G79/T.I
100
_a
Greene, Walter B.
245
0
_a
Essentials:
250
_a
2a.ed.
264
_b
Médica Panamericana, SA.
942
_c
LIB
999
_c
23507
_d
23507